000 01275nam a2200337 c 4500
003 BLK
005 20250729094327.0
008 180408b bul|||||r ||||||| ||bul||
010 _aKNG00094136000
020 _a978-954-17-0261-1
_bиздат.: Калпазанов
040 _aBLK
041 _aBUL
_cBUL
080 _aАнглийска литература
_b821.111
_x-31
_z821.111-31
100 1 _aАдлър, Елизабет
_eпърви автор
_9364396
700 1 _aВангелова, Силвия
_eпрев.
_9367883
139 _aАдлър, Елизабет
_bА 31
245 1 0 _aПаяжина от лъжи
_bРоман
_cЕлизабет Адлър; прев. Силвия Вангелова.
257 _aGBR
260 София
_bКалпазанов
_c2009
300 _a304 с.
_c20 см
380 _aX
490 1 _aКолекция Елизабет Адлър
500 _aОриг. загл. One of Those Malibu Nights / Elizabeth Adler. - Офс. изд.
653 _aромани
852 _aЦб 247026
856 4 _qpdf
_u
856 4 _qpdf
_u
942 _cKNG
_n0
_0123
944 _aCR
_c08.02.2010
_lТеодора Пейчева-Дянкова
_k30556
944 _aED
_c10.02.2016
_lф /
_kЛюдмила_Стоянова
999 _c89436
_d89436